Statistiques concernant 50 villes les plus peuplées de France

Cliquez ici pour prendre le quiz!

Statistiques générales

  • Ce quiz a été pris 109 fois
  • Le résultat moyen est 35 sur 50

Statistiques - réponses

HintRéponse% Correct
3Lyon
100%
2Marseille
100%
1Paris
100%
10Lille
98%
6Nantes
97%
5Nice
96%
8Strasbourg
96%
4Toulouse
96%
9Bordeaux
95%
11Rennes
95%
25Brest
88%
7Montpellier
88%
14Saint-Etienne
81%
38Caen
80%
17Grenoble
80%
15Le Havre
80%
35Rouen
80%
12Toulon
79%
18Angers
77%
23Clermont-Ferrand
77%
30Metz
77%
16Dijon
75%
36Saint-Denis
75%
20Saint-Denis
75%
32Perpignan
74%
34Orléans
73%
26Tours
73%
13Reims
72%
42Nancy
71%
28Annecy
68%
27Amiens
67%
21Nîmes
65%
49Poitiers
65%
24Le Mans
63%
33Besançon
61%
29Limoges
61%
48Avignon
57%
19Villeurbanne
56%
40Mulhouse
53%
22Aix-en-Provence
51%
31Boulogne-Billancourt
51%
45Nanterre
44%
44Roubaix
44%
47Créteil
42%
43Tourcoing
40%
39Argenteuil
37%
37Montreuil
31%
50Aubervilliers
27%
41Saint-Paul
18%
46Vitry-sur-Seine
14%

Distribution des résultats

Percentile par nombre de réponses

% des personnes avec chaque résultat

Votre développement - résultats

Vous n’avez pas pris ce quiz